000 00435nam a2200181Ia 4500
005 20240823011227.0
008 240823s9999||||xx |||||||||||||| ||und||
041 _aENGLISH
082 _A005.1 P0
100 _a"Sommerville,Ian"
245 0 _aSoftware Engineering
250 _a5th
260 _c2000
_b"Addision,England"
500 _aTRANSFERED
650 _aSoftware
_bInformation Technology
942 _cBK
999 _c160918
_d160918